<?xml version="1.0" encoding="UTF-8"?><collection xmlns="info:lc/xmlns/marcxchange-v2"><record format="Unimarc" type="bibliographic"><leader>00631cam  2200217   450 </leader><controlfield tag="001">2020784</controlfield><controlfield tag="003">http://id.bnportugal.gov.pt/bib/porbase/2020784</controlfield><controlfield tag="005">20030517021400.0</controlfield><datafield ind1=" " ind2=" " tag="010"><subfield code="a">0-8109-0715-1</subfield></datafield><datafield ind1=" " ind2=" " tag="035"><subfield code="4">40574</subfield></datafield><datafield ind1=" " ind2=" " tag="095"><subfield code="a">PTBN00642340</subfield></datafield><datafield ind1=" " ind2=" " tag="100"><subfield code="a">19900529d1986    k  y0pory0103    ba</subfield></datafield><datafield ind1="0" ind2=" " tag="101"><subfield code="a">eng</subfield></datafield><datafield ind1=" " ind2=" " tag="102"><subfield code="a">US</subfield><subfield code="b">New York</subfield></datafield><datafield ind1="1" ind2=" " tag="200"><subfield code="a">Defining modern art</subfield><subfield code="f">Alfred Hamilton Barr</subfield><subfield code="g">introd.Irving Sandler</subfield></datafield><datafield ind1=" " ind2=" " tag="210"><subfield code="a">New York</subfield><subfield code="c">Harry N.Abrams</subfield><subfield code="d">1986</subfield></datafield><datafield ind1=" " ind2=" " tag="215"><subfield code="a">302p.</subfield><subfield code="c">il.</subfield><subfield code="d">27cm</subfield></datafield><datafield ind1=" " ind2=" " tag="675"><subfield code="a">7.036</subfield><subfield code="v">BN</subfield><subfield code="z">por</subfield><subfield code="3">295661</subfield></datafield><datafield ind1=" " ind2="1" tag="700"><subfield code="a">Barr</subfield><subfield code="b">Alfred Hamilton</subfield><subfield code="3">548145</subfield></datafield><datafield ind1=" " ind2="1" tag="701"><subfield code="a">Sandler</subfield><subfield code="b">Irving</subfield><subfield code="4">080</subfield><subfield code="3">1550678</subfield></datafield><datafield ind1=" " ind2="0" tag="801"><subfield code="a">PT</subfield><subfield code="b">BN</subfield><subfield code="g">RPC</subfield></datafield><datafield ind1=" " ind2=" " tag="977"><subfield code="1">AT-130</subfield><subfield code="2">coop</subfield><subfield code="4">UPBA</subfield><subfield code="6">mq711215</subfield><subfield code="7">bc</subfield><subfield code="8">coop</subfield><subfield code="9">UPBA</subfield><subfield code="b">6669</subfield><subfield code="k">0</subfield></datafield><datafield ind1=" " ind2=" " tag="998"><subfield code="a">ESBA1-157</subfield></datafield></record></collection>